Central Library OPAC University of Rajshahi

كتاب شرح القصائد العشر :[Kitāb Sharḥ al-qaṣāʼid al-ʻashr] : (Record no. 79879)

MARC details
000 -LEADER
fixed length control field 01901nam a2200289 a 4500
001 - CONTROL NUMBER
control field 79879
003 - CONTROL NUMBER IDENTIFIER
rucl marc code BD-RjUL
005 - DATE AND TIME OF LATEST TRANSACTION
control field 20220605132427.0
008 - FIXED-LENGTH DATA ELEMENTS--GENERAL INFORMATION
fixed length control field 030627s18931963ii 000 0 ara d
035 ## - SYSTEM CONTROL NUMBER
System control number (BD-RjUL)79879
040 ## - CATALOGING SOURCE
Original cataloging agency TAU
Language of cataloging eng
Transcribing agency BD-RjUL
041 0# - LANGUAGE CODE
Language code of text/sound track or separate title ara
082 ## - DEWEY DECIMAL CLASSIFICATION NUMBER
Edition number 23
Classification number 892.711082
Author mark and year TAK 1963
090 ## - LOCALLY ASSIGNED LC-TYPE CALL NUMBER (OCLC); LOCAL CALL NUMBER (OCLC)
Classification number (OCLC) (R) ; Classification number, CALL (RLIN) (NR) 892.711082
100 ## - MAIN ENTRY--PERSONAL NAME
Personal name Tabrizi, Abu Zakaria Yahya bin Ali bin Muhammad bin Bastam Al Shaibani; التبريزي, أبو زكريا يحيى بن علي بن محمد بن بسطام الشيباني؛
9 (RLIN) 3289
130 0# - MAIN ENTRY--UNIFORM TITLE
Uniform title المعلقات
9 (RLIN) 3290
245 15 - TITLE STATEMENT
Title كتاب شرح القصائد العشر :[Kitāb Sharḥ al-qaṣāʼid al-ʻashr] :
Remainder of title وهي السبع المعلقات وقصيدة الاعشى اللامية وقصيدة النابغة الدالية وقصيدة عبيد بن الابرص البائية /wa-hiya al-sabʻ al-muʻallaqāt wa-qaṣīdat al-Aʻshá al-Lāmīyah wa-qaṣīdat al-Nābighah al-Dālīyah wa-qaṣīdat ʻUbayd Ibn al-Abraṣ al-Bāʼīyah /
Statement of responsibility, etc. [Abu Zakaria Yahya bin Ali bin Muhammad bin Bastam al-Shaibani al-Tabrizi; He took care of his printing by interviewing copies by Charles Jacob Lyle ] تصنيف ابو زكريا يحيى بن علي بن محمد بن بسطام الشيباني التبريزي؛ وقد اعتنى بطبعه بمقابلة النسخ كارلس يعقوب لايل
260 ## - PUBLICATION, DISTRIBUTION, ETC. (IMPRINT)
Place of publication, distribution, etc. كلكتة :
Name of publisher, distributor, etc. دار الامارة،
Date of publication, distribution, etc. 1963
Place of publication, distribution, etc. Calcutta :
Name of publisher, distributor, etc. Asiatic Society of Bengal,
Date of publication, distribution, etc. 1963.
300 ## - PHYSICAL DESCRIPTION
Pagination ١٦٤ ، VII ص
Size 27 cm
500 ## - GENERAL NOTE
General note للكتاب عنوان آخر بالانجليزية
General note النسخة الثانية هي هدية دانيال بايبس للمكتبة
650 #4 - SUBJECT ADDED ENTRY--TOPICAL TERM
Topical term or geographic name as entry element Arabic poetry
Chronological subdivision To 622.
9 (RLIN) 259
700 1# - ADDED ENTRY--PERSONAL NAME
Personal name التبريزي، يحيى بن علي،
Dates associated with a name م. ١١٠٩
Personal name لايل، كارلس يعقوب
942 ## - ADDED ENTRY ELEMENTS (KOHA)
Source of classification or shelving scheme Dewey Decimal Classification
Koha item type Books
Holdings
Lost status Source of classification or shelving scheme Damaged status Not for loan Collection code Permanent Location Current Location Shelving location Date acquired Source of acquisition Full call number Date last seen Copy number Koha item type
  Dewey Decimal Classification   Not For Loan Non-fiction Central Library, University of Rajshahi Central Library, University of Rajshahi Reading Room 05/06/2022 Zeitlinger A 892.711082 TAK 1965 30/05/2022 C-1 Books